TWICE - Membres par photo - Statistiques

Statistiques générales
  • Ce quiz a été pris 246 fois
  • Le résultat moyen est 8 sur 9
Statistiques - réponses
Par images Réponse % Correct
Nayeon
99%
Momo
98%
Sana
96%
Tzuyu
94%
Dahyun
93%
Jihyo
93%
Mina
91%
Jeongyeon
90%
Chaeyoung
88%
Aucun quiz correspondant
Distribution des résultats
% des personnes avec chaque résultat
Percentile par nombre de réponses
Votre historique - résultats
Vous n’avez pas pris ce quiz